Violencia y política / (Record no. 104082)

MARC details
000 -LEADER
campo de control de longitud fija 00763nam a2200241 i 4500
001 - NÚMERO DE CONTROL
campo de control 104082
003 - IDENTIFICADOR DE NÚMERO DE CONTROL
campo de control ES-MaACL
005 - FECHA Y HORA DE LA ÚLTIMA TRANSACCIÓN
campo de control 20230906183516.0
007 - CAMPO FIJO DE DESCRIPCIÓN FÍSICA--INFORMACIÓN GENERAL
campo de control de longitud fija t|
008 - DATOS DE LONGITUD FIJA--INFORMACIÓN GENERAL
campo de control de longitud fija 051123s1980 sp ||||1| spa d
020 ## - NÚMERO INTERNACIONAL ESTÁNDAR DEL LIBRO
Número Internacional Estándar del Libro 84-85361-21-0
100 1# - ENTRADA PRINCIPAL--NOMBRE DE PERSONA
Nombre de persona Michaud, Yves.
9 (RLIN) 80878
245 10 - MENCIÓN DEL TÍTULO
Título Violencia y política /
Mención de responsabilidad, etc. Yves Michaud ; traducción de José Martín Arancibia.
260 ## - PUBLICACIÓN, DISTRIBUCIÓN, ETC.
Lugar de publicación, distribución, etc. Barcelona :
Nombre del editor, distribuidor, etc. Ruedo Ibérico,
Fecha de publicación, distribución, etc. 1980.
300 ## - DESCRIPCIÓN FÍSICA
Extensión 189 p. ;
Dimensiones 21 cm.
490 1# - MENCIÓN DE SERIE
Mención de serie Biblioteca crítica: al otro lado
650 #4 - PUNTO DE ACCESO ADICIONAL DE MATERIA--TÉRMINO DE MATERIA
Término de materia o nombre geográfico como elemento de entrada Violencia política.
9 (RLIN) 156586
700 1# - ENTRADA AGREGADA--NOMBRE PERSONAL
Nombre de persona Martín Arancibia, José.
9 (RLIN) 77394
710 2# - ENTRADA AGREGADA--NOMBRE DE ENTIDAD CORPORATIVA
Nombre de entidad corporativa o nombre de jurisdicción como elemento de entrada Éditions Ruedo ibérico.
9 (RLIN) 145333
830 1# - PUNTO DE ACCESO ADICIONAL DE SERIE-TÍTULO UNIFORME
Título uniforme Biblioteca crítica: al otro lado
9 (RLIN) 184837
852 ## - LOCALIZACIÓN
Ubicación ES-MaACL
Número de control de estantería L-3440
Holdings
Estatus retirado Estado de pérdida Estado de daño No para préstamo Biblioteca de origen Biblioteca actual Ubicación en estantería Fecha de adquisición Fuente de adquisición Total de préstamos Signatura topográfica completa Código de barras Visto por última vez Precio de reemplazo Tipo de ítem Koha
        Biblioteca del Ateneo de Madrid Biblioteca del Ateneo de Madrid Depósito 2 17/01/2008     L-3440 1108671 23/02/2023 23/02/2023 Libro impreso